000 01220nam a22002895i 4500
001 155877
003 ES-MaACL
005 20250913172049.0
008 940206s1893 sp |||| | spa d
040 _aCAM
_bspa
110 2 _aIglesia Católica.
_bPapa (1878-1903: León XIII)
_9150717
245 1 3 _aLa Enciclica de Nuestro Santisimo Padre León XIII "De conditione opificum" y Los Círculos de Obreros Católicos /
_cpor el P. Antonio Vicent de la Compañía de Jesús ; con una carta-prólogo de Ciriaco María Sancha, Arzobispo de Valencia.
260 _aValencia :
_b[s.n.],
_c1893 (
_fJosé Ortega)
300 _aXX, 502 p. ;
_c26 cm.
490 1 _aSocialismo y Anarquismo
610 2 4 _aIglesia Católica-
_xDoctrina social
_94642
650 4 _aSindicatos católicos.
_9136877
655 7 _2tgfbne
_9226879
_aEncíclicas
700 0 _aLeón
_bXIII,
_cPapa
_971654
700 1 _aSancha, Ciriaco-María,
_d1833-1909
_9132386
700 0 _aVicent, Antonio.
_9114322
740 0 _aDe conditione opificum.
830 0 0 _aSocialismo y anarquismo
_9221623
852 _aES-MaACL
_jF-3249
_xEncuadernación en tela grabada
_qDespegada la cubierta anterior
942 _2udc
999 _c155877
_d155877